000 00304nam a2200121Ia 4500
005 20260326100038.0
008 260326s9999||||xx |||||||||||||| ||und||
100 _aConstantino, Maria
245 0 _aFrank Lloyd Wright /
_cMaria Constantino
260 _bCrescent Books
650 _aARQUITECTOS
942 _cBK
999 _c6882
_d6882